| 000 | 00520cam a2200193 4500 | ||
|---|---|---|---|
| 001 | D10659 | ||
| 008 | 090401t1986 xxu||||| |||| 00| 0 eng d | ||
| 035 | _a(Sirsi) u95701 | ||
| 041 | _aeng | ||
| 050 | _a333.0023 | ||
| 100 | _aFurlong, G.P. | ||
| 245 | _aJob creation: the challenge for the chartered surveyor | ||
| 260 | _c1986 | ||
| 350 | _a0 | ||
| 520 | _aIn RICS. Annual conference: professions in crisis. Cardiff, 16-18 March 1986 (Paper 7) | ||
| 700 | _aClowes, D.J. | ||
| 942 | _n0 | ||
| 948 | _c04/03/1997 | ||
| 999 |
_c98556 _d98556 |
||